|
|
|
|
| LEADER |
00000cam a2200000 a 4500 |
| 001 |
vtls001083069 |
| 003 |
SK-MaSNL |
| 005 |
20260302030830.0 |
| 008 |
250324s1989 xo 001 0 slo |
| 015 |
|
|
|a SNBA1989/12
|
| 020 |
|
|
|a 8022701149
|c 8,50 Kčs.
|
| 035 |
|
|
|a SNK000025907
|
| 035 |
|
|
|a urn:nbn:sk:snk-amlhwq
|
| 035 |
|
|
|a urn:nbn:sk:snk-am00bmps
|
| 035 |
|
|
|a 842D74AB-444B-483A-B1B5-A7F0E382B14B
|
| 040 |
|
|
|a SNK
|b slo
|c SNK
|e AACR2
|
| 041 |
0 |
|
|a slo
|
| 044 |
|
|
|a xo
|c SK
|
| 080 |
|
|
|a 66.012(075.8)
|2 1981
|
| 100 |
1 |
|
|a Soják, Peter,
|d 1955-
|4 aut
|9 11335
|
| 245 |
1 |
0 |
|a Ekonomika chemického priemyslu
|c Peter Soják
|
| 250 |
|
|
|a 1. vyd.
|
| 260 |
|
|
|a Bratislava
|b Slovenská vysoká škola technická
|c 1989
|e Bratislava
|f Edičné stredisko SVŠT
|
| 300 |
|
|
|a 147 s., 10,569 AH
|b Tb.
|c 29 cm
|
| 366 |
|
|
|e 100 výtl.
|
| 500 |
|
|
|a Lit. 15. Schválil rektor SVŠT v Bratislave ako skriptá. Rozmn. 15 zázn. v slov. a češ.
|
| 650 |
0 |
7 |
|a chemický priemysel
|2 SNKPH
|9 69615
|
| 650 |
0 |
7 |
|a ekonomika
|2 SNKPH
|9 789
|
| 655 |
|
7 |
|a učebnice vysokých škôl
|2 SNKPH
|9 70191
|
| 655 |
|
7 |
|a Textbooks (higher)
|2 SNKPHeng
|9 276436
|
| 919 |
|
|
|a 80-227-0114-9
|
| 958 |
|
|
|a EUIPO
|
| 958 |
|
|
|a OND
|
| 958 |
0 |
7 |
|a RM
|
| 958 |
0 |
7 |
|a UV
|
| 958 |
0 |
7 |
|a NB
|
| 999 |
|
|
|c 1049378
|d 1051308
|
| 952 |
|
|
|t P60, <04>, [BOOK], {604}
|a SNK
|b SNK
|y VYP
|7 0
|p 17A0151916
|o snkSB 45638 D1
|0 0
|1 0
|4 0
|d 1998-08-04
|l 0
|r 2004-12-31 00:00:00
|w 2026-02-24
|
| 952 |
|
|
|a SNK
|b SNK
|y PREZ
|7 0
|p 17A0860141
|o snkSB 45638
|0 0
|1 0
|4 0
|d 2012-07-16
|f 1
|l 0
|r 2026-02-24 14:52:51
|w 2026-02-24
|